000 01042nas a2200313 4500
001 BR0602733
003 BR-BrBNA
005 20231205110052.0
007 ta
008 230509b bl.|||p| |||| 00| 00por d
040 _aBR-BrBNA
_bpor
_cBiblioteca Nacional de Agricultura
041 _a(Pt)
072 _aL70
100 1 _aAristizábal, M.F.A.
100 1 _aSouza, M.V.
100 1 _aAranzales, J.R.M.
100 1 _aRibeiro Junior, J.I.
245 1 _aValores biométricos obtidos por ultra-sonografia dos tendões flexores e ligamentos acessórios inferior e suspensório da região metacárpica palmar de cavalos Mangalarga Marchador
650 _aCAVALO
650 _aMANGA LARGA
650 _aTENDÃO
650 _aLIGAMENTO
650 _aAPARELHO LOCOMOTOR
650 _aULTRA-SOM
650 _aBIOMETRIA
773 0 _tArquivo Brasileiro de Medicina Veterinária e Zootecnia (Brazil)
_xISSN 0102-0935
_g(Apr 2005), v. 57(2) p. 156-162
_wBR0602733
909 _a202311
_bLúcia
_c55
_dLúcia Elande
942 _2AGRIS
_n0
_cANA
999 _c186069
_d186069